000
00169 a2200085 4500
001
78030
082
_a
940.3 SCH
090
_c
39355
_d
39355
245
_a
The world in time
942
_a
CAE NUST
_k
940.3 SCH
999
_c
313103
_d
313103